Úplné znenie zákona č.213/1992 Zb. o spotrebných daniach

Úplné znenie zákona o spotrebných daniach č.213/1992 Zb. v znení zákona č.595/1992 Zb. s výkladom. Zákony nadobúdajú účinnosť 1. januárom 1993.

Gespeichert in:
Bibliographische Detailangaben
1. Verfasser: Greguš, J.
Format: Buchkapitel
Sprache:Slowakisch
Schlagworte:
Tags: Tag hinzufügen
Keine Tags, Fügen Sie das erste Tag hinzu!

MARC

LEADER 00000naa a2200000 4500
001 r016121
005 20221213123113.7
041 0 |a slo 
044 |a SK 
245 1 0 |a Úplné znenie zákona č.213/1992 Zb. o spotrebných daniach  |c J. Greguš 
520 |a Úplné znenie zákona o spotrebných daniach č.213/1992 Zb. v znení zákona č.595/1992 Zb. s výkladom. Zákony nadobúdajú účinnosť 1. januárom 1993. 
610 2 0 |a zákony 
610 2 0 |a FZ ČSFR Praha 
610 2 0 |a 1992 
610 2 0 |a dane spotrebné 
610 2 0 |a komentáre 
100 1 |a Greguš, J.